000 00304nam a22001337a 4500
008 170324b xxu||||| |||| 00| 0 eng d
020 _a9780736063654
041 _aeng
080 _23RD
_a615.83
100 _a8
101 _aSHM
245 _aCONTEMPORARY SPORT MANAGEMENT
_cPARKS, J.B
942 _2udc
_cBK
999 _c8576
_d8576